CASTELLANO, ESPAÑOL, IDIOMA NACIONAL : HISTORIA ESPIRITUAL DE TRES NOMBRES /

שמור ב:
מידע ביבליוגרפי
מחבר ראשי: Alonso, Amado (autor)
פורמט: ספר
סדרה:CONTEMPORANEA
נושאים:
תגים: הוספת תג
אין תגיות, היה/י הראשונ/ה לתייג את הרשומה!

MARC

LEADER 00000nam^a2200000^a^4500
001 000242058
005 20250521000000.0
009 20260310105241.466
035 |a 064911 
037 |a Acervo Xavier Clavigero 
082 |a 460. 09  |b ALO 
100 |a Alonso, Amado  |e (autor) 
245 1 0 |a CASTELLANO, ESPAÑOL, IDIOMA NACIONAL :  |b HISTORIA ESPIRITUAL DE TRES NOMBRES /  |c AMADO ALONSO 
264 |a Buenos Aires, Argentina :  |b Losada,  |c 1958 
300 |a 171 p. 
336 |a texto  |b txt  |2 rdacontenido 
337 |a sin mediación  |b n  |2 rdamedio 
338 |a volumen  |b nc  |2 rdasoporte 
440 |a CONTEMPORANEA 
649 |a XX 
650 |a Español -  |x Historia 
910 |a Fondo General 
920 |a Impresos - Libros 
930 |a Colección General 
905 |a 101 
901 |a 064911  |b IT1  |c ACC  |i 064911  |u 20250521 
902 |a https://opac.biblio.iteso.mx/vufind/Record/000242058